Statistics for Cities in the Pearl River Delta 珠三角城市

Click here to take the quiz!

General Stats

  • This quiz has been taken 183 times
    (86 since last reset)
  • The average score is 7 of 9

Answer Stats

PopulationCity% Correct
7 millionHong Kong 香港
100%
13 millionGuangzhou 广州
99%
11 millionShenzhen 深圳
93%
550,000Macau 澳門
89%
8 millionDongguan 东莞
76%
7 millionFoshan 佛山
72%
2 millionZhuhai 珠海
70%
3 millionZhongshan 中山
58%
4.5 millionJiangmen 江门
53%

Score Distribution

Percentile by Number Answered

Percent of People with Each Score

Your Score History

You have not taken this quiz since the last reset